[Event "Montreal Pere Noel"]
[Site "Montreal"]
[Date "1984.12.28"]
[Round "3"]
[White "Brodie, Hugh"]
[Black "Quang, Bui Duy"]
[Result "1/2-1/2"]
[WhiteElo "1955"]
[BlackElo "1950"]
[PlyCount "97"]
[EventDate "1984.12.26"]
[EventType "swiss"]
[EventRounds "5"]
[EventCountry "CAN"]
[SourceTitle "EXT 2022"]
[Source "ChessBase"]
[SourceDate "2021.10.06"]
[SourceVersion "1"]
[SourceVersionDate "2021.10.06"]
[SourceQuality "1"]

1. e4 e6 2. Nf3 d5 3. e5 c5 4. b4 b6 5. c3 Qd7 6. bxc5 bxc5 7. d4 Ba6 8. Bxa6 Nxa6 9. Qe2 Qa4 10. 0-0 Ne7 11. Be3 Nc6 12. Nbd2 Be7 13. dxc5 Nxc5 14. c4 Qa6 15. Rfe1 Rd8 16. cxd5 Qxe2 17. Rxe2 Rxd5 18. Nc4 0-0 19. Ne1 Nxe5 20. Bxc5 Bxc5 21. Nxe5 Bd4 22. Nc6 Bxa1 23. Ne7+ Kh8 24. Nxd5 exd5 25. Re7 Bc3 26. Nd3 a5 27. Kf1 Kg8 28. Nf4 Rd8 29. Nxd5 Kf8 30. Rc7 Rxd5 31. Rxc3 Ke7 32. Rc7+ Ke6 33. Ke2 Rd4 34. Ke3 Ra4 35. Rc2 h5 36. Kd3 Kd6 37. Kc3 Kc5 38. Kb3+ Kb5 39. a3 Rf4 40. Re2 f6 41. f3 h4 42. Re4 g5 43. a4+ Kb6 44. Re6+ Kc5 45. Re3 Rb4+ 46. Ka3 Rd4 47. Re6 Rd3+ 48. Kb2 Rd6 49. Re2 1/2-1/2